MARC
| LEADER | 00000cam a2200000 7i4500 | ||
|---|---|---|---|
| 001 | 0000023227 | ||
| 005 | 20110720.0 | ||
| 040 | |a INS | ||
| 090 | 0 | 0 | |a Q180 2003 |
| 245 | 0 | 0 | |a OJT : |b Literature review [ |h video disc] |
| 260 | |a Bangi : |b Inspen , |c 2003 | ||
| 300 | |a 1 videodisc (122 min.) : |b sd., col. ; |c 4 3/4 in. | ||
| 505 | 1 | |a Also available in VHS format : VHS 946 | |
| 650 | 0 | 0 | |a Research |
| 999 | |a VCD0000754 |b VIDEO CD |c Media Collection |e Default branch | ||